[Event "RUS-ch qual 57th"]
[Site "Tomsk"]
[Date "2004.05.28"]
[Round "6"]
[White "Lastin, Alexander"]
[Black "Novikov, Maxim"]
[Result "1-0"]
[WhiteElo "2622"]
[BlackElo "2426"]
[Annotator "Ribli,Z"]
[PlyCount "107"]
[EventDate "2004.05.23"]
[EventType "swiss"]
[EventRounds "9"]
[EventCountry "RUS"]
[SourceTitle "CBM 102"]
[Source "ChessBase"]
[SourceDate "2004.09.23"]
[SourceVersion "1"]
[SourceVersionDate "2004.09.23"]
[SourceQuality "1"]

1. d4 d5 2. c4 e6 3. Nf3 Nf6 4. g3 Be7 5. Bg2 O-O 6. O-O dxc4 7. Qc2 a6 8. Qxc4
b5 9. Qc2 Bb7 10. Bd2 {Dieser Läuferzug erscheint auf den ersten Blick nicht
so aktiv wie 10.Bg5 oder 10.Bf4, aber in einigen Varianten kann der Läufer auf
a5 erscheinen.} Be4 11. Qc1 Bb7 {Der Läuferzug ist eigentlich ein indirektes
Remisangebot (Weiß kann mit 12.Qc2 die Züge wiederholen). Interessant wäre es
anzumerken, dass diese Fortsetzung in der Partie Kasparov, G - Karpov, A
Moskau 1984 in der achten Wettkampfpartie das erste Mal gespielt wurde.} 12.
Bf4 (12. Rd1 Qc8 {[%cal Gc7c5]}) 12... Nd5 (12... Bd6 13. Nbd2 Nbd7 14. Nb3 $14
) 13. Nc3 Nxf4 14. Qxf4 c5 {Das ist die direkte Fortsetzung, aber ich glaube,
dass Schwarz mit 14...Nbd7!? bessere Ausgleichschancen hat.} (14... Nd7 $5 15.
Rfd1 Bd6 16. Qe3 Qe7 17. Ne5 Bxg2 18. Nxd7 Qxd7 19. Kxg2 Rae8 20. Rac1 f5 21.
f4 Qe7 (21... Re7 22. Qf3 b4 23. Nb1 Qa4 24. Nd2 Qxa2 25. Nc4 Qa4 26. Ra1 Qb5
27. b3 Qd5 28. Ra5 Qxf3+ 29. Kxf3 Ra8 30. Rda1 $14 {1/2-1/2 Haba,P-Palo,D/Bled
2002/EXT 2003 (63)}) 22. Nb1 g5 23. Nd2 gxf4 24. gxf4 Qg7+ 25. Kh1 Qh6 26. Qg3+
{1/2-1/2 Jaracz,P-Klovans,J/Cappelle la Grande 2003/CBM 92 ext (26)}) 15. dxc5
Bxc5 16. Rfd1 {Dieser Turmzug ist natürlich und gut, aber 16.Rac1 kommt auch
stark in Betracht.} (16. Rac1 Qb6 17. Ng5 $5 (17. Ne5)) 16... Qe7 (16... Qb6
17. Ne5 Ra7 18. Bxb7 $1 Rxb7 19. Ne4 Be7 20. Rac1 f6 21. Nd3 Nd7 22. Qf3 $5 Kh8
23. b4 Rc7 24. Rxc7 Qxc7 25. Rc1 $14 {1/2-1/2 Polugaevsky,L-Andersson,U/
Haninge 45/610 1988/[Makarichev,S] (47)}) 17. Rac1 Ra7 {Dieser Turmzug
erscheint mir etwas unnatürlich. Die Alternativen kommen auch in Betracht.} (
17... Rc8 {/\ Nd7}) (17... Nc6 $5) 18. a4 $5 (18. Ne4 Bxe4 19. Qxe4 Rc7 20. b4
Bd6 21. Rxc7 Bxc7 22. h4 h6 23. e3 (23. h5 $14) 23... Rd8 24. Rxd8+ Qxd8 25.
Nd4 Qd6 26. Qb7 g6 27. Nc6 Nxc6 28. Bxc6 a5 $5 {1/2-1/2 Piket,J-Karpov,A/
Dortmund 64/445 1995/[Piket,Je] (67)}) 18... b4 (18... bxa4 19. Nxa4 Bxf3 20.
Bxf3 Bb4 21. Nb6 $14 (21. Rc4 $14)) 19. Ne4 Bxe4 20. Qxe4 $14 {Wir haben eine
ähnliche Stellung, wie in der Partie Piket,J - Karpov,A Dortmund 1995 - siehe
Anmerkung 18.Ne4 -, mit dem Unterschied des Zugpaares 18.a4 b4, welches
vorteilhaft für Weiß ist, weil der schwarze Damenflügel schwächer ist.} Rc7 (
20... a5 21. Ne5 $14) (20... Nd7 21. a5) 21. e3 {Weiß hat einen
Entwicklungsvorteil (der b8N steht noch in seiner Grundstellung) und
offensichtlichen positionellen Druck am Damenflügel.} Rd8 (21... Rfc8 $5) 22.
h4 Rcd7 23. Re1 $5 {Weiß möchte das Spiel komplizieren und die Türme auf dem
Brett halten.} (23. Rxd7 Nxd7 {[%cal Gd7f6]} 24. Qb7 Qd6 $11) 23... h6 24. Bf1
{[%csl Gf1][%cal Gf1a6] Der katalanische Läufer verlässt die h1-a8-Diagonale,
jetzt kontrolliert er den a6-Bauern und (nach Vorbereitung) muss Schwarz auch
mit Bd3 rechnen.} (24. Ne5 Rd5 $11) 24... Bd6 25. Nd4 Qf6 26. Rc4 (26. Bd3 g6
$11 (26... Kf8 27. Qh7 Be5 $13)) 26... Bf8 27. Rec1 {[%csl Gc1,Gc4][%cal Gc1c8]
} Rd5 28. Rc8 Rxc8 29. Rxc8 Nd7 {Endlich entwickelt Schwarz seinen Springer.}
30. Rc6 {[%csl Ra6][%cal Gc6f6,Rc6a6]} Nc5 {[#]} 31. Qxd5 $1 {[%mdl 64] Dieser
Zug führt zu Vereinfachungen, wonach Weiß ein vorteilhaftes Endspiel bekommt.}
exd5 32. Rxf6 gxf6 33. a5 $1 $16 {[%csl Ra6] Mit diesem Zug befestigt Weiß die
Schwäche auf a6, aber es gibt andere Schwächen in der schwarzen Stellung -
seine Bauernstruktur ist ganz schlecht.} (33. b3) 33... Bd6 34. Nc6 (34. Bg2
Ne6 35. Nf5 $16 (35. Bxd5 Nxd4 36. exd4 Bc7 37. Bc4 Bxa5 38. Bxa6 Bb6 39. d5
Bc5 $14)) 34... Be5 (34... b3 35. Bg2 $16 {[%cal Rg2d5,Gd5b3]}) 35. Nxb4 Bxb2
36. Bxa6 (36. Nxa6 $2 Nxa6 37. Bxa6 Bc3 38. Bb7 Bxa5 39. Bxd5 Kg7 $14) 36...
Nb3 (36... Bc3 37. Nxd5 Bxa5 38. Nxf6+) {[#]} 37. Bc4 $3 {Ein ausgezeichneter
Zug - droht 38.a6, mit sofortigem Gewinn, so dass Schwarz auf a5 nehmen muss,
aber in diesem Fall muss er praktisch ohne Springer weiterspielen!} (37. Nxd5
Nxa5) 37... Nxa5 (37... dxc4 $2 38. a6 $18) 38. Bxd5 {[%csl Ra5,Gd5][%mdl 4096]
Ich sehe keine Möglichkeit, wie der a5N ins Spiel kommen kann.} f5 39. Nd3 Bc3
(39... Ba3 40. Ne5 $18 {[%csl Rf7][%cal Re5f7]}) 40. Kg2 Kg7 41. Kf3 Kf6 42.
Kf4 Ba1 43. h5 $1 {[%csl Rh6]} Bc3 44. g4 fxg4 45. Kxg4 Ba1 46. f4 {[%csl Ge3,
Gf4][%cal Ge3e4,Ge4e5]} Bc3 47. e4 Ba1 48. e5+ Kg7 (48... Ke7 49. Nf2 f6 50.
Kf5 $18 {[%csl Rh6][%cal Rf2g4,Rg4h6]}) 49. Nc5 Bc3 (49... Bb2 50. Ne4 Kf8 51.
Nd6 f6 52. e6 $18) 50. Ne4 Bd4 51. Nd6 $18 {[%csl Rf7][%cal Rd6f5,Rf5g7,Rf5d4]}
Bc3 52. Nf5+ Kh7 53. Bxf7 Nc6 54. Bg6+ 1-0

[Event "UKR-ch 73rd"]
[Site "Kharkov"]
[Date "2004.08.27"]
[Round "2.3"]
[White "Miroshnichenko, Evgenij"]
[Black "Korobov, Anton"]
[Result "1/2-1/2"]
[WhiteElo "2615"]
[BlackElo "2565"]
[Annotator "Ribli,Z"]
[PlyCount "155"]
[EventDate "2004.08.03"]
[EventType "k.o."]
[EventRounds "5"]
[EventCountry "UKR"]
[SourceTitle "CBM 103"]
[Source "ChessBase"]
[SourceDate "2004.11.11"]
[SourceVersion "1"]
[SourceVersionDate "2004.11.11"]
[SourceQuality "1"]

1. Nf3 Nf6 2. c4 e6 3. g3 d5 4. Bg2 Be7 5. O-O O-O 6. d4 dxc4 7. Qa4 a6 8. Qxc4
{Das ist die traditionelle Fortsetzung, welche aber heutzutage weniger
gespielt wird. Die Alternative 8.a4 ist beliebter.} b5 9. Qc2 Bb7 10. Bd2 {
Eine der zwei Möglichkeiten, Weiss kann auch 10.Bg5 und 10.Bf4 spielen.} Nc6
11. e3 Rb8 {Mit diesem Wartezug verteidigt sich Schwarz gegen 12.Ne5. Eine
andere Idee des Turmzugs ist aber schwer zu finden. Früher oder später wird
Schwarz trotzdem Nb4 ziehen müssen.} (11... Nb4 12. Bxb4 Bxb4 13. a3 $5 (13.
Ne5 Bxg2 14. Kxg2 Qd5+ 15. f3 Bd6 16. Nc6 Ng4 17. Re1 f5 18. Nd2 e5 19. Qb3
Qxb3 20. Nxb3 $18 {1-0 Ulibin,M-Krivonosov,O/Biel 2003/CBM 95 ext (33)}) 13...
Bd6 (13... Ba5 14. b4 Bb6 15. Nbd2 a5 16. Ne5 Bxg2 17. Kxg2 Qd5+ 18. Kg1 Ra6
19. Nc6 Qh5 20. a4 bxa4 21. Qc4 Raa8 22. b5 {1-0 Fominyh,A-Vaidya,C/Chennai
IND 2004/(40)}) (13... Be7 14. Nbd2 Rc8 15. b4 a5 16. Qb2 axb4 17. axb4 Qd6 18.
Rab1 Ra8 19. Ne5 {1-0 Rotstein,A-Muir,A/Triesen LIE 2004/(61)}) 14. Nbd2 Rc8
15. e4 (15. Nb3 Be4 16. Qc3 Bd5 17. Nc5 Bxc5 18. dxc5 Qe7 19. Rac1 c6 20. Rfd1
Qc7 21. Qe5 Qe7 22. Nd4 {1-0 Borges Mateos,J-Toloza Soto,P/Elista 1998/CBM 66
ext (40)}) 15... Be7 16. e5 Nd7 17. b4 a5 18. Nb3 Bxf3 19. Bxf3 axb4 20. axb4
Bxb4 21. Qc6 Be7 22. Ra7 b4 23. Rc1 $44 {1-0 Iskusnyh,S-Babu,N/Mumbai IND 2004/
(30)}) (11... Qb8 12. a3 $5) (11... Ra7 12. Rc1 Qa8 13. Ne1 $5) 12. Rd1 Nb4 13.
Bxb4 Bxb4 14. a3 Be7 15. Nbd2 {[%csl Yc5][%cal Gd2b3,Gb3c5][%mdl 32] Weiss
möchte mit dem Springer auf das Feld c5.} Rc8 16. Nb3 (16. b4 $5 {[%cal Gd2b3,
Gb3c5]} a5 {Ansonsten bekommt Weiss mit 17.Nb3 klaren Positionsvorteil} 17. Ne5
(17. bxa5 c5 $11) 17... Bxg2 18. Kxg2 axb4 19. Nc6 Qd7 20. axb4 $14) 16... Be4
17. Qc1 (17. Qc3 $5 Bd5 18. Ne5 $14) 17... Bd5 18. Nc5 Bxc5 19. Qxc5 (19. dxc5
$6 Qe7 $11) 19... Ne4 20. Qc2 (20. Qb4 c5 21. dxc5 Rxc5 $2 (21... Nxc5 22. Rac1
Qe7 23. Ne5 Bxg2 24. Kxg2 Qb7+ $11) 22. Ne5 {[%csl Rc5,Re4]} Qc7 23. Bxe4 a5
24. Bxh7+ $16) 20... c5 $11 {Schwarz konnte mit dem Ausgleichszug c7-c5 seine
strategische Hauptidee durchführen.} 21. dxc5 Nxc5 (21... Rxc5 22. Qe2 $11) 22.
Rac1 Na4 23. Qb1 (23. Qe2 Qf6 24. Nd4 $11) 23... Rxc1 24. Rxc1 Qa8 $6 {[%cal
Ga8g2] Damit verschafft sich Schwarz zwar die Kontrolle über die Diagonale
a8-h1, lässt aber den Königsflügel unverteidigt.} (24... Qe7 $11) 25. Ng5 $1 (
25. Ne1 Bxg2 26. Nxg2 Qd5 $11) 25... g6 26. Ne4 $4 {Wurde dieser Zug wirklich
in der Partie gespielt?} (26. e4 Bb7 27. b3 Nb6 28. Qd3 $14) 26... Bxe4 $4 (
26... f5 $1 $19 {[%csl Re4,Rg2][%cal Ra8g2]}) 27. Bxe4 $14 {[%csl Ge4][%cal
Gc1c8] Weiss hat das bessere Figurenspiel und sein Läufer kontrolliert die
wichtigsten Felder am Damenflügel.} Qb8 28. b3 Nb6 29. Rc6 {[%csl Rb6,Gc6,Ge4]
Der b6N steht nicht gut und die weissen Figuren dominieren auf dem Brett.} Rc8
30. Qc2 Rxc6 31. Qxc6 {[%mdl 4096] Es ist wahr, dass die weisse Stellung
aktiver ist, er hat aber keine direkten Drohungen und Schwarz kann seine
Stellung stufenweise verbessern und das Spiel ausgleichen.} Qa7 32. Qd6 (32.
Qc5 Qb8 $14) (32. a4 bxa4 33. bxa4 a5 $11) 32... Nd7 {[%cal Gd7f6]} 33. h4 Nf6
{Der Springer steht auf f6 viel sicherer als auf b6, die schwarze Dame jetzt
hat mehr Freiheit.} 34. Bf3 h5 35. b4 {Weiss setzt die schwarzen Bauern am
Damenflügel auf den weissfarbigen Feldern fest.} Nd7 36. Kg2 Kg7 37. g4 (37.
Qe7 Qc7 $14) 37... hxg4 38. Bxg4 Qb7+ 39. Bf3 Qc8 40. h5 g5 $1 {Danach hat
Schwarz auch seine Gegenchancen, der h5P könnte schwach werden.} (40... gxh5
41. Bxh5 $14) 41. Qd4+ (41. Qe7 Nf6 42. Qc5 Qxc5 43. bxc5 Ne8 $11 {[%cal Ge8c7]
}) 41... Kh7 42. Qd6 Kg7 43. Be2 Qb7+ 44. Bf3 Qc8 {Weiss hat einigen
Positionsvorteil - Schwarz könnte nun Remis wegen dreifacher
Stellungswiederholung reklamieren, wir haben dieselbe Stellung nach dem 40.,
42. und dem 44. schwarzen Zug.} 45. Qd4+ Kh7 46. Qa7 (46. Qd6) 46... Ne5 $2 (
46... Kh6 $142) (46... f6 $142) 47. Be4+ (47. Qe7 $1 {[%csl Rg5]} Qc2 48. Qxg5
Nxf3 49. Kxf3 Qc1 $16) 47... Kh6 48. Qc5 Qb8 $15 {[%csl Gh6] Schwarz hat eine
feste Stellung und sein König steht auf h6 in Sicherheit.} (48... Qxc5 49. bxc5
{[%cal Gc5c6,Gc6c7]} a5 50. c6 Nc4 51. c7 Nd6 52. Bb7 $16) 49. f4 gxf4 50. exf4
Qg8+ 51. Kf1 Nc4 (51... Ng4 $15) 52. Qd4 Qg7 (52... e5 $5 53. fxe5 Qg4 $36 {
[%csl Gc4,Gg4,Gh6] Der c4N steht ausgezeichnet, Weiss hat keine guten
Möglichkeiten, Schach zu geben.}) 53. Qxg7+ Kxg7 54. Bb7 Nxa3 55. Bxa6 Kh6 56.
Kf2 Kxh5 {Schwarz hat einen Bauern mehr.} 57. Kf3 Kg6 58. Ke4 Nc2 (58... Kf6 $5
) 59. Bxb5 Nxb4 {Mit einem Mehrbauern kann Schwarz natürlich versuchen, weiter
auf Gewinn zu spielen, aber die Stellung ist wegen des reduzierten Materials
Totremis, d.h. Schwarz kann seinen Materialvorteil nicht verwerten.} 60. Bc4
Kf6 61. Bb3 Nc6 62. Ba4 Ne7 63. Be8 Nf5 64. Ba4 Ke7 65. Bd1 Kd6 66. Ba4 {
Mit einfachen Wartezügen kann Weiss das Remis ganz leicht sichern.} f6 67. Bb3
Ne7 68. Ba2 Nd5 69. Bb3 Nc7 70. Ba2 Nb5 71. Bc4 Nc3+ 72. Kf3 f5 73. Bb3 Nd5 74.
Ba4 Kc5 75. Bd7 {Schwarz kann nicht weitergehen, er muss den e6-Bauern immer
verteidigen.} Nc7 76. Ke3 Kd5 77. Bc8 Nb5 78. Bb7+ 1/2-1/2

[Event "Abu Dhabi op 14th"]
[Site "Abu Dhabi"]
[Date "2004.08.23"]
[Round "9"]
[White "Anastasian, Ashot"]
[Black "Mahjoob, Morteza"]
[Result "1-0"]
[WhiteElo "2571"]
[BlackElo "2461"]
[Annotator "Ribli,Z"]
[PlyCount "83"]
[EventDate "2004.08.14"]
[EventType "swiss"]
[EventRounds "9"]
[EventCountry "UAE"]
[SourceTitle "CBM 103"]
[Source "ChessBase"]
[SourceDate "2004.11.11"]
[SourceVersion "1"]
[SourceVersionDate "2004.11.11"]
[SourceQuality "1"]

1. c4 Nf6 2. g3 e6 3. Bg2 d5 4. Nf3 Be7 {Mit dieser Fortsetzung wählt Schwarz
die klassische Variante gegen die Katalanische Eröffnung, ganz gut spielbar
ist aber auch 4...dxc4 5.Qa4+ Nbd7, wonach Schwarz ausgezeichnete
Ausgleichschancen hat.} 5. O-O O-O 6. d4 dxc4 7. Qc2 a6 8. a4 {Dieser Zug
schwächt das Feld b4 in der weissen Stellung, verhindert aber die Möglichkeit
8...b7-b5 und 9...Bb7. Diese Spielweise ist in der modernen Spielpraxis
besonders populär.} Bd7 9. Qxc4 Bc6 10. Bg5 Bd5 {Mit diesem Zug bereitet
Schwarz den Vorstoß c7-c5 vor, aber die andere Möglichkeit mit 10...a5 und 11..
.Na6 ist auch interessant, worauf Schwarz auf Beherrschung des Felds b4
spielen kann.} (10... a5) 11. Qd3 c5 12. dxc5 Nbd7 13. Nc3 Nxc5 (13... Bc6 14.
b4 a5 15. b5 Bxf3 16. Qxf3 Nxc5 17. Rfd1 Qc7 18. Bf4 Qb6 19. Be3 Rac8 20. Rac1
Qa7 21. Qf4 b6 22. Bc6 h6 23. h4 Rfd8 {1/2-1/2 Vaganian,R-Zelcic,R/Istanbul
2003/CBM 96 (80)}) 14. Qe3 Qa5 (14... Ncd7 15. Rfd1 Re8 16. a5 h6 17. Bxf6 Nxf6
18. Nxd5 exd5 19. Qb3 Qc7 20. e3 Rac8 21. Nd4 {1-0 Aronian,L-Kritz,L/Deizisau
2002/CBM 87 ext (63)}) 15. Qf4 (15. Nxd5 Nxd5 16. Qa3 Bd6 (16... Bxg5 $5 17.
Nxg5 h6 18. Rfc1 Nd7 19. Bxd5 Qxd5 20. Rd1 Qxg5 21. Rxd7 b5 {1/2-1/2 Stohl,
I-Ribli,Z/Germany 1998/GER-chT (28)}) 17. Bd2 $2 (17. Nd2 $1 Ne4 18. Nc4 Bxa3
19. Nxa5 Nxg5 20. Rxa3 $14 {Gulko}) 17... Qb6 $11 18. Rad1 Rfd8 19. Qa2 Ne4 {
0-1 Anastasian,A-Asrian,K/Yerevan 2000/CBM 78/[Ribli] (45)}) (15. Rfd1 Bc6 16.
Qf4 Nb3 17. Rab1 h6 18. Bxf6 Bxf6 19. Ne4 Bxe4 20. Qxe4 Nc5 21. Qe3 Qb4 22. Ne5
Rad8 23. Nd3 Nxd3 24. Rxd3 Qxa4 25. Rxd8 Rxd8 26. Bxb7 a5 {1/2-1/2 Adianto,
U-Short,N/Beijing 2000/CBM 78 (31)}) (15. Bxf6 $5 Bxf6 16. Nxd5 exd5 17. Qa3
Ne4 $1 (17... Qb6 18. Rab1 Nb3 (18... a5 $5) 19. Rfd1 Rfe8 20. e3 Rac8 21. Nd2
$1 $14 {1-0 Karpov,A-Milos,G/Buenos Aires 2000/CBM 80/[Ribli] (38)}) 18. Rad1
Rfd8 19. e3 Rac8 20. Nd4 Rc4 21. b3 Rcc8 22. b4 Qb6 23. a5 Qd6 24. Rc1 g6 25.
Qb2 Qd7 26. b5 Bxd4 27. Qxd4 Qxb5 28. Bxe4 dxe4 {1/2-1/2 Karpov,A-Gelfand,B/
Monte Carlo 2001/CBM 81 ext (28)}) 15... Bb3 {[%mdl 4] Eine interessante Idee,
Schwarz räumt das Feld d5 und verhindert die Möglichkeit 16.R ad1.} (15... Nb3
16. Rad1 Bc6 17. Qc4 Qb4 18. Ne5 Bxg2 19. Kxg2 Qxc4 20. Nxc4 Rac8 21. Nb6 Rc6
22. Nd7 Rfc8 23. Nxf6+ Bxf6 24. Bxf6 gxf6 25. Rd7 Nc5 26. Rd4 f5 {0-1 Stangl,
M-Zelcic,R/Jenbach AUT 2004/(67)}) (15... Qb6 16. Rab1 h6 17. Bxf6 Bxf6 18.
Nxd5 (18. a5 $5) 18... exd5 19. a5 Qb5 20. Nd4 Bxd4 21. Qxd4 Ne4 22. Rbd1 Nf6
23. Bxd5 Rad8 24. e4 Qxa5 {1/2-1/2 Thorfinnsson,B-Upton,T/Leon 2001/CBM 86 (30)
}) 16. Nd2 Rfe8 $6 {Dieser Wartezug kostet ein sehr wichtiges Tempo, besser
wäre es, sofort 16...h6 zu ziehen.} (16... h6 $142 17. Bxf6 Bxf6 18. Nxb3 (18.
Ra3 Bg5 19. Nxb3 Nxb3 20. Qg4 Qb6 $11 (20... Nd2 21. Rd1 f5 22. Qh5 Qb4 $15)) (
18. Nce4 Nxe4 19. Nxb3 Qb6 20. Qxe4 Qxb3 21. Qxb7 Qxb7 22. Bxb7 Ra7 23. Bf3 Rb8
$11) 18... Nxb3 19. Rad1 Bxc3 (19... Rab8 20. Rd7 Bxc3 21. bxc3 Qxc3 22. Rxb7 (
22. Rxf7 Nd4 23. Rxf8+ (23. Bf3 $2 Qxf3 $17 (23... Nxf3+ 24. exf3 e5 25. Rxf8+
Rxf8 26. Qe4 Qxf3 27. Qxe5 $11)) 23... Rxf8 24. Qd6 Nxe2+ 25. Kh1 Qc4 $15)
22... Rxb7 23. Bxb7 $11) 20. bxc3 Qxc3 21. Rd3 (21. Bxb7 Rab8 22. Bxa6 Rb4 $11)
21... Qc2 22. Bxb7 Rab8 23. Bxa6 Nc5 (23... Qxe2 $4 24. Rxb3 $18) 24. Rd2 Qxa4
$11) 17. Nxb3 Nxb3 18. Rad1 $14 {[%csl Gd1,Gg2][%cal Gg2a8,Gd1d8] Weiss hat
ein gutes Figurenspiel, sein katalanischer Läufer steht ausgezeichnet auf g2
und sein Turm ist schon auf der d-Linie. Weiss hat einen kleinen
Positionsvorteil.} h6 $6 (18... Nh5 $142 19. Qc4 Qxg5 20. Qxb3 $14) 19. Bxf6
Bxf6 20. Rd7 {[%csl Rb7][%mdl 2048] Schwarz hat Probleme mit der Verteidigung
des b7-Bauern.} Rad8 21. Rxb7 {Weiss hat einen Bauern mehr, und obwohl Schwarz
einige Aktivität am Damenflügel hat, ist das keine ausreichende Kompensation.}
Nd4 {Die schwarze Drohung ist 22...Qxc3 und 23...Nxe2+.} (21... Nd2 22. Rc1 Rd4
23. Qc7 Qxc7 24. Rxc7 Rb8 25. Rc2 $16) 22. Qe4 (22. b4 $5 Qh5 23. e3 $16) 22...
Qc5 23. e3 Nf5 24. Qc6 $16 {Dieser Zug führt zu einem für Weiss vorteilhaften
Damentausch.} Qxc6 25. Bxc6 Rb8 26. Ra7 (26. Rxb8 $2 Rxb8 $11) (26. Ne4 $16)
26... Rec8 27. Rxa6 Rxb2 28. Ne4 (28. Nb5 $16) 28... Bd8 29. Bd7 Rcb8 30. Bb5 {
[%csl Ga4,Gb5] Der b5-Läufer paralysiert die schwarzen Figuren am Damenflügel
und der weisse a-Bauer wird die Partie früher oder später für Weiss gewinnen.}
(30. Rxe6 {Dieser Zug wäre zwar unerwartet, aber gleichzeitig überflüssig,
Weiss spielt in der Partie einfacher und besser.} fxe6 31. Bxe6+ Kf8 32. Bxf5
$16) 30... Bb6 31. Rd1 Rb4 32. Nd2 {[%csl Rb6][%cal Gd2c4] Der Springer strebt
nach c4 und Weiss nutzt aus, dass der schwarze Läufer keine sicheren Felder
hat.} Ne7 33. Nc4 Bc5 34. Ne5 {[%csl Ge5][%cal Re5d7,Rd7c5,Rd7b8,Re5d3,Rd3b4,
Rd3c5] Weiss hat plötzlich viele konkrete Drohungen - es droht 35.Nd7 und 35.
Nd3 mit Materialgewinn, und Schwarz hat keine Verteidigung.} Nd5 (34... Rb2 35.
Nd7 Rc8 36. Rc1 Bb4 (36... Ba7 37. Rxc8+ Nxc8 38. Rc6 Ne7 39. Rc7 $18) 37.
Rxc8+ Nxc8 38. Ra8 Rc2 39. Ba6 $18) 35. Nc6 $18 {[%cal Rc6b8,Rc6b4]} R8xb5 36.
axb5 Rxb5 37. Ra5 Rxa5 38. Nxa5 {Das Endspiel mit der Qualität mehr ist für
Weiss leicht gewonnen.} g5 39. Nc4 Kg7 40. h3 Kf6 41. Kg2 Kg7 42. Rb1 1-0

[Event "EU-chT (Men) 13th"]
[Site "Leon"]
[Date "2001.11.09"]
[Round "4.4"]
[White "Golubovic, Boris"]
[Black "Upton, Timothy J"]
[Result "1-0"]
[WhiteElo "2458"]
[BlackElo "2303"]
[Annotator "Ribli,Z"]
[PlyCount "59"]
[EventDate "2001.11.06"]
[EventType "team-swiss"]
[EventRounds "9"]
[EventCountry "ESP"]
[SourceTitle "CBM 086"]
[Source "ChessBase"]
[SourceDate "2002.02.05"]
[SourceVersion "1"]
[SourceVersionDate "2002.02.05"]
[SourceQuality "1"]
[WhiteTeam "Croatia"]
[BlackTeam "Scotland"]
[WhiteTeamCountry "CRO"]
[BlackTeamCountry "SCO"]

1. d4 d5 2. c4 e6 3. Nf3 Nf6 4. g3 Be7 5. Bg2 O-O 6. O-O dxc4 7. Qc2 a6 8. a4 {
Heutzutage ist die alte Variante - 8.Qc2 - ein seltener Gast in der
Turnierpraxis. Der Textzug schwächt das b4-Feld, aber er lässt Schwarz nicht
den Befreiungszug b7-b5 ziehen.} Bd7 9. Qxc4 Bc6 10. Bg5 Bd5 11. Qc2 Be4 12.
Qc1 a5 {[%cal Gb8a6,Ga6b4] Dieser Zug ist nicht schlecht, aber die Alternative
12...h6!? kommt auch in Betracht.} (12... h6 $5) 13. Nc3 {Dieser Springerzug
scheint mir natürlicher als die schablonenhafte Entwicklung mit 13.Nbd2.} (13.
Nbd2 Bc6 $11 14. Nc4 Bd5 $5 15. Nfe5 $5 Bxg2 16. Kxg2 {1-0 Mikhalevski,V-Aseev,
K/St Petersburg 1999/CBM 72/[Mikhalevski,V] (35)}) 13... Bd5 {Der Läufer steht
aktiver auf d5 als auf c6 - im folgenden kann Schwarz eventuell Bc4 ziehen.} (
13... Bxf3 14. Bxf3 c6 15. Rd1 $14) (13... Bc6 14. Qc2 (14. Bxf6 Bxf6 15. e4
Bxd4 $2 (15... Na6 16. Qe3 Nb4 17. Rad1 Qe8) 16. Rd1 $18) 14... h6 (14... Na6
15. e4 Nb4 16. Qe2 $14 Nxe4 $4 17. Bxe7 Nxc3 18. bxc3 $18) 15. Bxf6 (15. Bf4
Bd6 $11) 15... Bxf6 16. e4 Na6 17. Rfd1 Nb4 18. Qe2 $11) 14. Bxf6 (14. Re1 Nc6
15. e4 Bc4 16. Nb5 Bd3 17. Qd1 Nb4 18. Nc3 h6 19. Bf4 c5 20. e5 Nfd5 21. Nxd5
Qxd5 22. Re3 Bc2 23. Qd2 {1/2-1/2 Tkachiev,V-Bauer,C/Enghien-les-Bains FRA
2001/(23)}) 14... Bxf6 15. e4 (15. Nxd5 exd5 16. e3 Na6 $11 {[%cal Ga6b4]})
15... Bc4 16. Rd1 {Ein typisches Bild in der Variante 8.a4 - Weiß hat
Übergewicht im Zentrum, aber Schwarz hat das Läuferpaar.} Nc6 (16... Na6) 17.
Qe3 Nb4 18. Rd2 (18. Rac1) 18... c6 19. h4 {Ein typischer Zug in solchen
Stellungen - Weiß hat Chancen auf die Initiative am Königsflügel und eventuell
kann er Ng5 ziehen.} Qc7 (19... Qb6 $5 {Dieser Zug scheint mir aktiver und
logischer als die Partiefortsetzung.} 20. Bf1 $5 Bxf1 21. Rxf1 Rad8 22. Rfd1
Rd7 23. g4 $36 {1/2-1/2 Ribli,Z-Zaja,I/Bled SLO 2001/(45)}) 20. Bf1 $5 {
Weiß möchte den katalanische Läufer tauschen. Es ist wahr, dass der Läufer auf
g2 weniger aktiv war.} Bxf1 21. Rxf1 Rad8 $11 22. Rfd1 Qb6 {[%csl Gb6][%cal
Gb6d4] Die Dame steht aktiv auf b6, aber es wäre wahrscheinlich besser gewesen
schon statt 19...Qc7 den Zug 19...Qb6 zu ziehen.} 23. Qf4 c5 $2 {[%mdl 16384]
Dieser Zug kommt zu früh für mich - nach Vorbereitung kann Schwarz diesen Zug
spielen, aber jetzt ist Weiß ist viel aktiver im Zentrum.} (23... Rd7 $11) 24.
d5 $14 exd5 25. exd5 (25. Nxd5 Nxd5 26. exd5 Qd6 $11) 25... Rd7 (25... Qd6 26.
Qxd6 Rxd6 27. Ne4 $16) 26. Ne4 {Weiß hat großen positionellen Druck am
Damenflügel.} Re8 27. d6 $16 {[%csl Gd6] Der d6P ist sehr stark und es droht
28.Nxf6+.} Bd4 28. Nxd4 cxd4 29. Nf6+ $1 $18 {[%mdl 64] So schön wie einfach -
Weiß gewinnt Material und die Partie.} (29. Rxd4 $16) 29... gxf6 30. Qg4+ {
[%cal Rg4d7,Rg4g8]} 1-0